000 00760nam a2200229Ia 4500
003 CO-CtgCURN
005 20250407191547.0
008 190723s9999 xx 000 0 und d
020 _a9589732054
040 _aCO-CtgCURN
_bspa
_ccoctgcurn
082 _a345.02
_bQ8j
100 _aQuiroga Cubillos, Hector
245 0 _aJuicio al Toro del Fucha /
_cHector Quiroga Cubillos
260 _aBogotá, Colombia :
_bAcademia Colombiana de Jurisprudencia,
_c2004
300 _a210 páginas ;
_c19 centímetros
490 _aColeccion Portable
521 _aAREA PROFESIONAL
590 _aPrograma de Derecho_18
650 _aDerecho penal
942 _cBK
_h345.02
_iQ8j
_2ddc
_n0
999 _c28814
_d28814